The Law Reports (1948 vol.1) of the incorporated Council of law reporting. King's Bench Division and on appeal therefrom in the Court of Appeal decisions in the Court of Criminal Appeal and decisions of the Railway and Canal Commission. / (Record no. 4064)

MARC details
000 -LEADER
fixed length control field 00695nam a22001577a 4500
008 - FIXED-LENGTH DATA ELEMENTS--GENERAL INFORMATION
fixed length control field 140902b xxu||||| |||| 00| 0 eng d
020 ## - INTERNATIONAL STANDARD BOOK NUMBER
International Standard Book Number 0406093679
050 ## - LIBRARY OF CONGRESS CALL NUMBER
Classification number KD277.7.L39(1948 vol.1)
245 ## - TITLE STATEMENT
Title The Law Reports (1948 vol.1) of the incorporated Council of law reporting. King's Bench Division and on appeal therefrom in the Court of Appeal decisions in the Court of Criminal Appeal and decisions of the Railway and Canal Commission. /
Statement of responsibility, etc. edited by Ralph Sulton and Henry Salt
260 ## - PUBLICATION, DISTRIBUTION, ETC.
Place of publication, distribution, etc. London:
Name of publisher, distributor, etc. Butterworth and Co. Ltd.,
Date of publication, distribution, etc. 1947.
300 ## - PHYSICAL DESCRIPTION
Extent viii,1747p.:
Dimensions 24cm
440 ## - SERIES STATEMENT/ADDED ENTRY--TITLE
Name of part/section of a work Kings Bench Division, 1947
Volume/sequential designation vol 1
800 ## - SERIES ADDED ENTRY--PERSONAL NAME
Personal name Sulton, Ralph
800 ## - SERIES ADDED ENTRY--PERSONAL NAME
Personal name Salt, Henry
942 ## - ADDED ENTRY ELEMENTS (KOHA)
Source of classification or shelving scheme Library of Congress Classification
Koha item type Books
Holdings
Withdrawn status Lost status Source of classification or shelving scheme Damaged status Not for loan Home library Current library Shelving location Date acquired Total Checkouts Full call number Barcode Date last seen Price effective from Koha item type
    Library of Congress Classification     WISCONSIN INTERNATIONAL UNIVERSITY COLLEGE, GHANA - MAIN LIBRARY WISCONSIN INTERNATIONAL UNIVERSITY COLLEGE, GHANA - MAIN LIBRARY Law Library 02/09/2014   KD277.7.L39(1948 vol.1) 2061/1058/14 02/09/2014 02/09/2014 Books

If you have any concerns or questions; kindly contact the library


© Powered by WIUC ICT DIRECTORATE